000 00585nam a22002057a 4500
003 BUBTL
008 140128b xxu||||| |||| 00| 0 eng d
082 _a657.042/BAP
100 _97
_aBasu, Shankar Prasad
245 _aPractice in accounting (Vol-1)
_cby Shankar Prasad Bosu & Monolal Das.
_b
250 _a8th
260 _aKolkata
_bRalindra Library
_cc2000
300 _a[xvi] , 1243p . :
_bill . ; 24cm.
600 0 _98
_aDas, Monilal
650 _aAccounting
_93525
700 _98
_aDas, Monilal
856 _k0
_l0
_yDownload
942 _2ddc
_cBK
999 _c5
_d5